000
00280nam a22001337a 4500
008
180202b xxu||||| |||| 00| 0 eng d
020
_a
9781400033720
041
_a
eng
080
_a
52
100
_a
42
101
_a
AST
245
_a
PARALEL WORLDS
_c
KAKU.M
942
_2
udc
_c
BK
999
_c
41642
_d
41642